01204nam a2200277Ia 4500003000900000008004100009020001800050040001600068080002100084111008300105245026100188260004900449300001600498490003000514650004100544650002200585650002500607650002900632700002600661700003000687700003100717710003700748942000700785999001700792952011700809IN-BaIIA211028s9999 xx 000 0 eng d a0-87590-026-7 cIIA Library a523.942-352bRUS aAmerican Geophysical Union Chapman ConferencecBermudad1989 Mar. 27-31917555 0aPhysics of magnetic flux ropesbAmerican geophysical union chapman conference on the physics of magnetic flux ropes held in Hamilton, Bermuda, 27-31 Mar 1989cedited by C. T. Russell, E. R. Priest and L. C. Lee  aWashingtonbAmerican Geophysical Unionc1990 alxvi, 685p. aGeophysical monograph; 58 aAstronomy and astrophysics thesaurus aAstrophysics9794 aMagnetic flux917006 aSolar photosphere915876 aLee, L. C. ed.917556 aPriest, E. R., ed.914972 aRussell, C. T., ed.917557 aAmerican geophysical union93632 cBK c10329d10329 00104070aBANbBANcGENd1992-03-04l2o523.942-352/ RUSp11239r2026-06-20s2025-08-13w1992-03-04yBK 63.00